Hospodárska politika ignorovania ekonomického Mainstreamu

Guardado en:
Detalles Bibliográficos
Autor principal: Dujava, Daniel
Formato: Capítulo de libro
Lenguaje:eslovaco
Etiquetas: Agregar Etiqueta
Sin Etiquetas, Sea el primero en etiquetar este registro!

MARC

LEADER 00000naa$a2200000$$$4500
001 0226974
005 20240214095052.1
041 0 |a slo 
044 |a SK 
245 1 0 |a Hospodárska politika ignorovania ekonomického Mainstreamu  |c Daniel Dujava 
100 1 |a Dujava, Daniel